000 01893nam0a2200301 4500
001 RU\NLR\bibl\891077
005 20260407120253.0
021 _aRU
_b2005-65537
_93225
035 _a(NLR Aleph) 000879578
090 _a1650397
_c1650397
100 _a20051220d2005 |||y0rusy50 ca
101 0 _arus
102 _aRU
105 _aa |||||||||
200 1 _aНовые технологии утилизации отходов
_eучебно-методическое пособие для слушателей ИПКП
_fГос. образоват. учреждение высш. проф. образования "Петерб. гос. ун-т путей сообщ.", Ин-т повышения квалификации и переподгот. специалистов
_g[Сватовская Лариса Борисовна и др.]
210 _aСанкт-Петербург
_cИзд-во Петербургского государственного университета путей сообщения
_d2005
215 _a52 с.
_cил.
_d20
313 _aпроизводство строительных материалов из отходов
320 _aБиблиогр.: с. 49-50 (26 назв.)
606 1 _aСтроительные материалы из отходов
_jУчебно-методические пособия
_xПроизводство
_91069771
_3RU\NLR\auth\6697946
686 _aН300.8я7
702 1 _aСватовская
_bЛ. Б.
_gЛариса Борисовна
_4220
712 0 2 _4570
_aПетербургский государственный университет путей сообщения
_bИнститут повышения квалификации и переподготовки
_3RU\NLR\AUTH\8810068749
_9639119
801 0 _aRU
_bNLR
_c20051220
_grcr
801 1 _aRU
_bNLR
_c20051220
942 _cBOOK
980 _aNB